Southville International School and Colleges
Your cart is empty.
  • Cart
  • Lists
    Public lists Eva Luna New books Lux_list list_1
    Your lists Log in to create your own lists
  • Log in to your account
  • Your cookies
  • Search history
Southville International School and Colleges
  • Advanced search
  • Recent comments
  • Most popular
  • Libraries

Log in to your account

Log in with GOOGLE


If you do not have an external account, but do have a local account, you can still log in:

  1. Home
  2. MARC view: Fractured fairy tales math :
Normal view MARC view ISBD view

Fractured fairy tales math : (Record no. 12809)

[ view plain ]
MARC details
000 -LEADER
fixed length control field 00657nam a2200193 a 4500
003 - CONTROL NUMBER IDENTIFIER
control field SISC
005 - DATE AND TIME OF LATEST TRANSACTION
control field 20160301100211.0
008 - FIXED-LENGTH DATA ELEMENTS--GENERAL INFORMATION
fixed length control field 110106s19uu xx 00 eng d
020 ## - INTERNATIONAL STANDARD BOOK NUMBER
International Standard Book Number 0439518970
050 ## - LIBRARY OF CONGRESS CALL NUMBER
Classification number QA 1
Item number .G798 2005
082 ## - DEWEY DECIMAL CLASSIFICATION NUMBER
Classification number HS 510.7
Item number G82 2005
100 ## - MAIN ENTRY--PERSONAL NAME
Personal name Greenberg, Dan
245 ## - TITLE STATEMENT
Title Fractured fairy tales math :
Remainder of title 25 tales with computation and word problems to reinforce key skills in place value, estimation, rounding, money, graphing, and more /
Statement of responsibility, etc Dan Greenberg.
260 ## - PUBLICATION, DISTRIBUTION, ETC. (IMPRINT)
Place of publication, distribution, etc New York :
Name of publisher, distributor, etc Scholastic,
Date of publication, distribution, etc 2005.
300 ## - PHYSICAL DESCRIPTION
Extent 60 p.
Other physical details ill. ;
Dimensions 28 cm.
650 ## - SUBJECT ADDED ENTRY--TOPICAL TERM
Topical term or geographic name as entry element Mathematics
General subdivision Study and teaching
942 ## - ADDED ENTRY ELEMENTS (KOHA)
Koha item type Books
Source of classification or shelving scheme Library of Congress Classification
Holdings
Withdrawn status Lost status Source of classification or shelving scheme Damaged status Home library Current library Shelving location Date acquired Source of acquisition Cost, normal purchase price Total Checkouts Full call number Barcode Date last seen Price effective from Koha item type
    Library of Congress Classification   Luxembourg Library Luxembourg Library High School Section 01/06/2011   225.00   QA 1 .G798 2005 18623 03/01/2016 10/10/2013 Books

Fractured fairy tales math :

APA

Greenberg D., . (2005). Fractured fairy tales math. New York: Scholastic.

Chicago

Greenberg Dan, . 2005. Fractured fairy tales math. New York: Scholastic.

Harvard

Greenberg D., . (2005). Fractured fairy tales math. New York: Scholastic.

MLA

Greenberg Dan, . Fractured fairy tales math. New York: Scholastic. 2005.

  • Place hold
  • Print
  • Cite
  • Add to your cart (remove)
  • Save record
    BIBTEX Dublin Core MARCXML MARC (non-Unicode/MARC-8) MARC (Unicode/UTF-8) MARC (Unicode/UTF-8, Standard) MODS (XML) RIS
  • More searches
    Search for this title in:
    Other Libraries (WorldCat) Other Databases (Google Scholar) Online Stores (Bookfinder.com) Open Library (openlibrary.org)

Exporting to Dublin Core...

SOUTHVILLE LIBRARY

Southville International School and Colleges Library

1281 Tropical Ave. Cor. Luxembourg St., BF Homes International, Las Pinas City

Tel. No. 8256374 / 252358 Loc. 117/146

Powered by Koha